000 00552nam a2200181Ia 4500
001 4164
005 20260306145735.0
008 260306t2016||||xx |||||||||||||| ||spa||
041 _aESP
082 _a307.336
_bP86
100 _aVargas Pacheco, Cristina
_eAUT
245 0 _aPrimeros asentamientos urbanos en Iberoamérica (ss. XVI y XVII). Investigación y gestión. Actas del III seminario internacional RII-UC Piura (Perú)
260 _c2016
300 _a284 páginas :
_c22 cm.
650 _aGEN
654 _aCAU
942 _cLIB
_dJUS
_fJUS
_2ddc
_n
999 _c4164
_d4164